000 00301nam a2200109 4500
999 _c507314
_d507314
082 _aN2065x54 1988
100 _aIndia. National Crime Records Bureau
_91396
245 _aCrime in India, 1988
_cby Ministry of Home Affairs
260 _aNew Delhi
_bGovernment of India
300 _a220p.
942 _2ddc